[Event "Wch Seniors 65 28th"]
[Site "Bled"]
[Date "2018.11.23"]
[Round "6"]
[White "Finlay, Ian"]
[Black "Ostrowski, Michal"]
[Result "1-0"]
[WhiteElo "1808"]
[BlackElo "1187"]
[PlyCount "83"]
[EventDate "2018.11.18"]
[EventType "swiss"]
[EventRounds "11"]
[EventCountry "SLO"]
[SourceTitle "CBM 187 Extra"]
[Source "ChessBase"]
[SourceDate "2018.11.04"]
[SourceVersion "1"]
[SourceVersionDate "2018.11.04"]
[SourceQuality "1"]

1. e4 Nc6 2. d4 e5 3. Nf3 exd4 4. Nxd4 Ne5 5. Be2 Nf6 6. Bg5 h6 7. Bxf6 Qxf6 8. 0-0 Bc5 9. Nc3 c6 10. Na4 Be7 11. f4 Ng6 12. e5 Qh4 13. g3 Qh3 14. Bg4 Qxf1+ 15. Qxf1 b5 16. Nc3 Bc5 17. Rd1 h5 18. Bf3 Ne7 19. Ne4 Bb6 20. Nd6+ Kf8 21. Kh1 g6 22. c4 a6 23. b4 Kg7 24. Qd3 Rf8 25. Rf1 bxc4 26. Nxc4 Bc7 27. f5 Kh7 28. f6 Nd5 29. Bxd5 cxd5 30. Nd6 Bxd6 31. exd6 Bb7 32. Re1 Rac8 33. Kg2 Rc4 34. Re7 Bc8 35. Qd2 a5 36. b5 a4 37. h3 a3 38. Nf5 gxf5 39. Qg5 Rc2+ 40. Kf3 Rc3+ 41. Kf4 Rc4+ 42. Kxf5 1-0

[Event "Wch Seniors 65 28th"]
[Site "Bled"]
[Date "2018.11.19"]
[Round "2"]
[White "Finlay, Ian"]
[Black "Hewson, Brian Wr"]
[Result "0-1"]
[WhiteElo "1808"]
[BlackElo "2000"]
[PlyCount "98"]
[EventDate "2018.11.18"]
[EventType "swiss"]
[EventRounds "11"]
[EventCountry "SLO"]
[SourceTitle "CBM 187 Extra"]
[Source "ChessBase"]
[SourceDate "2018.11.04"]
[SourceVersion "1"]
[SourceVersionDate "2018.11.04"]
[SourceQuality "1"]

1. Nf3 d5 2. g3 c6 3. Bg2 Bf5 4. d3 e6 5. Nbd2 Nf6 6. 0-0 Be7 7. Re1 h6 8. e4 dxe4 9. Nh4 Bg4 10. f3 exf3 11. Nhxf3 Nbd7 12. Nc4 Nd5 13. h3 Bxf3 14. Qxf3 0-0 15. c3 Bg5 16. d4 Bxc1 17. Raxc1 c5 18. dxc5 Nxc5 19. Rcd1 Qc7 20. Ne5 Nf6 21. b4 Na4 22. Qxb7 Qxb7 23. Bxb7 Rab8 24. Bc6 Nxc3 25. Rd4 Rfd8 26. Rf4 Rd2 27. Bf3 Rc8 28. Nc6 Nfd5 29. Rc4 Rc7 30. Bxd5 Nxd5 31. a3 Rd3 32. Kf2 Rxa3 33. Rec1 g6 34. b5 Kg7 35. Rb1 h5 36. Rc2 h4 37. gxh4 Rxh3 38. Rc4 Rh2+ 39. Kf3 Rh3+ 40. Kf2 Nc3 41. Rbb4 Nd5 42. Rb1 Nb6 43. Re4 Rd7 44. Nd4 Nd5 45. Rg1 Nf6 46. Rf4 e5 47. Nf5+ Kf8 48. Rc4 gxf5 49. Rc8+ Ke7 0-1

[Event "Canadian op U2000"]
[Site "Windsor"]
[Date "2016.07.15"]
[Round "6.28"]
[White "Finlay, Ian"]
[Black "Tanaka, Taira Tyler"]
[Result "1-0"]
[WhiteElo "1872"]
[BlackElo "1835"]
[PlyCount "106"]
[EventDate "2016.07.10"]
[EventType "swiss"]
[EventRounds "9"]
[EventCountry "CAN"]
[SourceTitle "EXT 2022"]
[Source "ChessBase"]
[SourceDate "2021.10.06"]
[SourceVersion "1"]
[SourceVersionDate "2021.10.06"]
[SourceQuality "1"]

1. e4 c5 2. Nf3 d6 3. g3 Nc6 4. Bg2 g6 5. d3 Bg7 6. 0-0 e6 7. Nbd2 Nge7 8. Re1 0-0 9. Nf1 d5 10. e5 b5 11. Bf4 Bb7 12. Qd2 a5 13. g4 Qc7 14. Bh6 Rad8 15. h4 d4 16. Bxg7 Kxg7 17. Ng3 c4 18. Qg5 Nd5 19. Nh5+ Kh8 20. Nf6 Kg7 21. Nh5+ Kh8 22. Qh6 gxh5 23. Ng5 f6 24. Nxe6 Qe7 25. Nxf8 Qxf8 26. Qxf8+ Rxf8 27. Bxd5 fxe5 28. dxc4 bxc4 29. Bxc4 hxg4 30. Bd5 Re8 31. Rad1 Kg7 32. c3 dxc3 33. bxc3 Kf6 34. Bxc6 Bxc6 35. Rd6+ Re6 36. Red1 Ke7 37. Rxe6+ Kxe6 38. Kh2 Bd5 39. Rd2 a4 40. h5 Bc4 41. Kg3 Kf5 42. a3 Kg5 43. h6 Bb3 44. Rd6 Bc4 45. f3 Be2 46. fxg4 Bxg4 47. c4 e4 48. Rd5+ Bf5 49. c5 Kf6 50. Kf4 Be6 51. Kxe4 Bxd5+ 52. Kxd5 Ke7 53. Kc6 Kd8 1-0

[Event "Canadian op U2000"]
[Site "Windsor"]
[Date "2016.07.12"]
[Round "3.32"]
[White "Mathews, Jeremy"]
[Black "Finlay, Ian"]
[Result "1/2-1/2"]
[WhiteElo "1743"]
[BlackElo "1872"]
[PlyCount "169"]
[EventDate "2016.07.10"]
[EventType "swiss"]
[EventRounds "9"]
[EventCountry "CAN"]
[SourceTitle "EXT 2022"]
[Source "ChessBase"]
[SourceDate "2021.10.06"]
[SourceVersion "1"]
[SourceVersionDate "2021.10.06"]
[SourceQuality "1"]

1. e4 Nf6 2. Nc3 e5 3. Nf3 d6 4. d4 Nbd7 5. dxe5 dxe5 6. Bc4 Be7 7. 0-0 c6 8. Qe2 0-0 9. a3 Qc7 10. Be3 b5 11. Bb3 a5 12. Rfd1 Ba6 13. Qe1 Nc5 14. Nd2 Ng4 15. h3 Nxe3 16. Qxe3 Nxb3 17. Nxb3 Rad8 18. Nc5 Bc8 19. b4 Rxd1+ 20. Nxd1 Qa7 21. Nd3 Qxe3 22. Nxe3 axb4 23. axb4 f6 24. Ra7 Bd6 25. c4 bxc4 26. Nxc4 Bb8 27. Ra8 Be6 28. Na5 Bd6 29. Rxf8+ Kxf8 30. Nxc6 Bc4 31. Nb2 Bb5 32. Na7 Be2 33. Nc6 Bb5 34. Na7 Be2 35. Nc6 Ke8 36. f3 Kd7 37. Kf2 Ba6 38. Na5 Bxb4 39. Nb3 Bb5 40. Ke3 Bf1 41. Kf2 Ba6 42. Ke3 Kd6 43. Nd3 Bc3 44. Nd2 g6 45. Nb1 Bd4+ 46. Kd2 f5 47. Nc3 f4 48. Nd5 Bc4 49. N5b4 g5 50. Nc2 Bb6 51. Na3 Ba6 52. Nc2 Ba5+ 53. Ke2 Bc3 54. Na3 Kc6 55. Nb1 Ba5 56. Na3 Bb4 57. Nc2 Ba5 58. Na1 Kd6 59. Nc2 Ke6 60. Na3 Kf6 61. Nb1 Kg6 62. Nd2 Kh5 63. Nb3 Bb4 64. Nbc1 Kh4 65. Kf2 Bd2 66. Kg1 Bxc1 67. Nxc1 Bc4 68. Kf2 h6 69. Ne2 Bxe2 70. Kxe2 Kg3 71. Kf1 h5 72. Kg1 Kh4 73. Kf1 g4 74. hxg4 hxg4 75. fxg4 Kxg4 76. Kf2 Kg5 77. Ke2 Kh4 78. Kf3 Kh5 79. g3 fxg3 80. Kxg3 Kg5 81. Kf3 Kh4 82. Kf2 Kg4 83. Kg2 Kf4 84. Kf2 Kxe4 85. Ke2 1/2-1/2

[Event "Canadian op U2000"]
[Site "Windsor"]
[Date "2016.07.10"]
[Round "1.28"]
[White "James, Rowan"]
[Black "Finlay, Ian"]
[Result "1/2-1/2"]
[WhiteElo "1766"]
[BlackElo "1872"]
[PlyCount "96"]
[EventDate "2016.07.10"]
[EventType "swiss"]
[EventRounds "9"]
[EventCountry "CAN"]
[SourceTitle "EXT 2022"]
[Source "ChessBase"]
[SourceDate "2021.10.06"]
[SourceVersion "1"]
[SourceVersionDate "2021.10.06"]
[SourceQuality "1"]

1. e4 e6 2. d4 c5 3. Nf3 cxd4 4. Nxd4 Nf6 5. Bd3 Qb6 6. Nf3 Bc5 7. 0-0 d5 8. Nc3 dxe4 9. Nxe4 Nxe4 10. Bxe4 Nd7 11. a3 Nf6 12. Bd3 a5 13. Qe2 Bd7 14. c4 0-0 15. Bg5 Be7 16. Ne5 Ba4 17. Rab1 Rad8 18. Rfc1 Qc7 19. b4 axb4 20. axb4 Be8 21. c5 Kh8 22. Bf4 Qc8 23. Bg5 Nd5 24. Bxe7 Nxe7 25. Qh5 f5 26. Qh4 Nd5 27. b5 Rf6 28. c6 b6 29. Qg5 Qc7 30. Qg3 f4 31. Qh3 Rh6 32. Ng6+ Bxg6 33. Qf3 Bxd3 34. Qxd3 f3 35. g3 Qf7 36. Ra1 Qc7 37. Qxf3 Rf6 38. Qe4 Rdf8 39. f4 Rg6 40. f5 Nf6 41. Qxe6 Rxg3+ 42. hxg3 Qxg3+ 43. Kh1 Ng4 44. Ra2 Nf2+ 45. Rxf2 Qxf2 46. Re1 Qf3+ 47. Kg1 Qg3+ 48. Kh1 Qh3+ 1/2-1/2

[Event "CAN-ch Seniors 65+"]
[Site "Kitchener"]
[Date "2015.08.01"]
[Round "3"]
[White "Glew, Richard"]
[Black "Finlay, Ian"]
[Result "0-1"]
[WhiteElo "1659"]
[BlackElo "1821"]
[PlyCount "92"]
[EventDate "2015.07.31"]
[EventType "swiss"]
[EventRounds "7"]
[EventCountry "CAN"]
[SourceTitle "EXT 2022"]
[Source "ChessBase"]
[SourceDate "2021.10.06"]
[SourceVersion "1"]
[SourceVersionDate "2021.10.06"]
[SourceQuality "1"]

1. e4 c5 2. Nf3 Nc6 3. d4 cxd4 4. Nxd4 Qb6 5. Nxc6 bxc6 6. c4 d6 7. Nc3 g6 8. b3 Bg7 9. Bb2 Nf6 10. Qc2 Be6 11. Be2 Rb8 12. 0-0 0-0 13. h3 d5 14. Na4 Qd8 15. exd5 cxd5 16. Rfd1 Qc7 17. Qd2 Ne4 18. Qe3 Bxb2 19. Nxb2 Nf6 20. Rac1 Qa5 21. Na4 Rbc8 22. cxd5 Nxd5 23. Qe5 Rxc1 24. Rxc1 Qd2 25. Rd1 Qf4 26. Qd4 Qxd4 27. Rxd4 Nc7 28. Nc5 Bd5 29. Bc4 e6 30. Nd7 Rd8 31. Nf6+ Kg7 32. Nxd5 exd5 33. Be2 Ne6 34. Ra4 Rd7 35. Bf3 d4 36. Ra5 Rc7 37. Kf1 Nf4 38. Ke1 Kf6 39. Kd2 d3 40. Ra4 Rc2+ 41. Kd1 Ne6 42. Be4 Rxf2 43. Rxa7 Nc5 44. Bd5 Ke5 45. Bxf7 Kd4 46. b4 Rf1+ 0-1

[Event "CAN-ch Seniors 65+"]
[Site "Kitchener"]
[Date "2015.07.31"]
[Round "1"]
[White "Rutkofske, Lonnie"]
[Black "Finlay, Ian"]
[Result "1-0"]
[WhiteElo "1800"]
[BlackElo "1821"]
[PlyCount "57"]
[EventDate "2015.07.31"]
[EventType "swiss"]
[EventRounds "7"]
[EventCountry "CAN"]
[SourceTitle "EXT 2022"]
[Source "ChessBase"]
[SourceDate "2021.10.06"]
[SourceVersion "1"]
[SourceVersionDate "2021.10.06"]
[SourceQuality "1"]

1. c4 f5 2. g3 g6 3. Bg2 Bg7 4. Nf3 d6 5. 0-0 Nf6 6. d4 0-0 7. Nc3 e6 8. Rb1 Nc6 9. b4 Ne4 10. Qd3 d5 11. e3 a5 12. a3 axb4 13. axb4 Ra4 14. Nxa4 Qe7 15. Ba3 dxc4 16. Qxc4 Na7 17. Qd3 b5 18. Nc5 Nd6 19. Nd2 g5 20. Rbe1 f4 21. exf4 gxf4 22. Bh3 Rf6 23. Bg2 Rh6 24. Bc1 e5 25. dxe5 Bxe5 26. Nf3 Rh5 27. Bxf4 Nf7 28. Nxe5 Bf5 29. Qf3 1-0

[Event "World op 41st"]
[Site "Arlington"]
[Date "2013.07.02"]
[Round "2"]
[White "Finlay, Ian"]
[Black "Leon Hoyos, Manuel"]
[Result "0-1"]
[WhiteElo "1910"]
[BlackElo "2568"]
[PlyCount "92"]
[EventDate "2013.07.01"]
[EventType "swiss"]
[EventRounds "9"]
[EventCountry "USA"]
[SourceTitle "CBM 155 Extra"]
[Source "ChessBase"]
[SourceDate "2013.08.26"]
[SourceVersion "1"]
[SourceVersionDate "2013.08.26"]
[SourceQuality "1"]

1. e4 c5 2. Nf3 e6 3. d3 Nc6 4. g3 Nf6 5. Bg2 Be7 6. 0-0 0-0 7. Nbd2 Rb8 8. Re1 d5 9. e5 Nd7 10. Nf1 b5 11. h4 f6 12. exf6 Bxf6 13. Ng5 Bxg5 14. Bxg5 Nf6 15. Nh2 Qd6 16. Nf3 e5 17. c3 h6 18. Bd2 Bg4 19. Qc2 Bf5 20. Bf1 c4 21. Nh2 Qd7 22. f3 cxd3 23. Bxd3 e4 24. fxe4 dxe4 25. Bxe4 Bxe4 26. Rxe4 Nxe4 27. Qxe4 Rbe8 28. Qg2 Qd3 29. Bf4 Qe4 30. Nf3 Qe2 31. Re1 Qxg2+ 32. Kxg2 Rxe1 33. Nxe1 a5 34. Nf3 Kf7 35. b3 Ke6 36. Kf2 Rd8 37. Ke2 b4 38. c4 Nd4+ 39. Nxd4+ Rxd4 40. Bc7 a4 41. Ba5 Re4+ 42. Kf3 Re1 43. Bxb4 axb3 44. axb3 Rb1 45. Bf8 Rf1+ 46. Ke4 Rxf8 0-1

[Event "Wch Seniors 22nd"]
[Site "Kamena Vourla"]
[Date "2012.11.21"]
[Round "8"]
[White "Zybura, Andre"]
[Black "Finlay, Ian"]
[Result "1-0"]
[WhiteElo "1977"]
[BlackElo "1902"]
[PlyCount "47"]
[EventDate "2012.11.13"]
[EventType "swiss"]
[EventRounds "11"]
[EventCountry "GRE"]
[SourceTitle "CBM 151 Extra"]
[Source "ChessBase"]
[SourceDate "2012.12.18"]
[SourceVersion "1"]
[SourceVersionDate "2012.12.18"]
[SourceQuality "1"]

1. e4 c5 2. d4 cxd4 3. c3 dxc3 4. Nxc3 Nc6 5. Nf3 a6 6. Bc4 e6 7. 0-0 b5 8. Bb3 Bb7 9. e5 f5 10. Be3 Na5 11. Nd5 exd5 12. Bxd5 Bxd5 13. Qxd5 Ne7 14. Qd3 g6 15. Rad1 Nc4 16. Bd4 Bg7 17. b3 Nb6 18. Bxb6 Qxb6 19. Qxd7+ Kf8 20. Ng5 Re8 21. Ne6+ Kf7 22. Rd6 Qb8 23. Ng5+ Kf8 24. Qe6 1-0

[Event "Wch Seniors 22nd"]
[Site "Kamena Vourla"]
[Date "2012.11.19"]
[Round "7"]
[White "Finlay, Ian"]
[Black "Dekan, Hans"]
[Result "0-1"]
[WhiteElo "1902"]
[BlackElo "2169"]
[PlyCount "50"]
[EventDate "2012.11.13"]
[EventType "swiss"]
[EventRounds "11"]
[EventCountry "GRE"]
[SourceTitle "CBM 151 Extra"]
[Source "ChessBase"]
[SourceDate "2012.12.18"]
[SourceVersion "1"]
[SourceVersionDate "2012.12.18"]
[SourceQuality "1"]

1. e4 c5 2. Nf3 Nc6 3. d4 cxd4 4. Nxd4 e5 5. Ne2 Bc5 6. Ng3 Qb6 7. Qd2 Nf6 8. Nc3 Ng4 9. Nd1 d6 10. a3 a5 11. Bc4 Be6 12. Bxe6 fxe6 13. 0-0 0-0 14. h3 Nf6 15. Ne3 Nd4 16. b3 Rac8 17. Rb1 Qc6 18. c3 Nb5 19. Nc2 Nxc3 20. Rb2 Nfxe4 21. Nxe4 Nxe4 22. Qxa5 Ng3 23. Be3 Nxf1 24. Kxf1 Bxe3 25. Nxe3 Qc1+ 0-1

[Event "Wch Seniors 22nd"]
[Site "Kamena Vourla"]
[Date "2012.11.15"]
[Round "3"]
[White "Baumgarten, Werner"]
[Black "Finlay, Ian"]
[Result "1/2-1/2"]
[WhiteElo "1981"]
[BlackElo "1902"]
[PlyCount "82"]
[EventDate "2012.11.13"]
[EventType "swiss"]
[EventRounds "11"]
[EventCountry "GRE"]
[SourceTitle "CBM 151 Extra"]
[Source "ChessBase"]
[SourceDate "2012.12.18"]
[SourceVersion "1"]
[SourceVersionDate "2012.12.18"]
[SourceQuality "1"]

1. d4 f5 2. c4 g6 3. Nc3 Nf6 4. g3 Bg7 5. Bg2 d6 6. e3 Nc6 7. Nge2 0-0 8. 0-0 e5 9. dxe5 Nxe5 10. b3 c6 11. Ba3 Nf7 12. Bb2 Re8 13. Qd2 Qe7 14. Rad1 Be6 15. Nf4 Rad8 16. Nxe6 Qxe6 17. Ba3 Bh6 18. h3 Nh5 19. Ne2 Qe7 20. Nf4 Nf6 21. Kh2 Ne4 22. Qc2 Bg7 23. Bb2 Bf6 24. Bxf6 Qxf6 25. Rd4 Neg5 26. Rfd1 Ne6 27. Nxe6 Rxe6 28. Qd2 g5 29. b4 a6 30. a4 Ne5 31. Qc2 g4 32. h4 Kh8 33. Rf4 Rf8 34. e4 Qe7 35. Rxf5 Ref6 36. b5 Rxf5 37. exf5 Qd7 38. bxc6 bxc6 39. Be4 a5 40. Qc3 Qa7 41. Kg2 Qc5 1/2-1/2

[Event "CAN-ch op 49th"]
[Site "Victoria"]
[Date "2012.07.12"]
[Round "8"]
[White "Finlay, Ian"]
[Black "Plotkin, Mark"]
[Result "0-1"]
[WhiteElo "1792"]
[BlackElo "1877"]
[PlyCount "72"]
[EventDate "2012.07.08"]
[EventType "swiss"]
[EventRounds "9"]
[EventCountry "CAN"]
[SourceTitle "CBM 149 Extra"]
[Source "ChessBase"]
[SourceDate "2012.08.24"]
[SourceVersion "1"]
[SourceVersionDate "2012.08.24"]
[SourceQuality "1"]

1. e4 e5 2. Nf3 Nf6 3. Nc3 Bb4 4. a3 Bxc3 5. dxc3 0-0 6. Bg5 h6 7. Bh4 d6 8. Bd3 Be6 9. Qd2 Nbd7 10. b4 Re8 11. h3 Nf8 12. 0-0 Ng6 13. Bg3 Nh5 14. Bh2 Ngf4 15. Kh1 Qf6 16. Rg1 Nxh3 17. Rgf1 Bg4 18. Be2 N3f4 19. Ng1 Qg5 20. Bxg4 Qxg4 21. f3 Ng3+ 22. Bxg3 Qxg3 23. Qf2 Nh5 24. Ne2 Qg5 25. g3 Re6 26. Rg1 c6 27. Rg2 g6 28. Rag1 d5 29. f4 Qg4 30. Rh2 dxe4 31. Rh4 Qf3+ 32. Rg2 Rd8 33. Qxa7 Rd2 34. Qf2 Rxe2 35. Qxf3 exf3 36. Rg1 f2 0-1

[Event "Canadian op 48th"]
[Site "Toronto"]
[Date "2011.07.11"]
[Round "3"]
[White "Ang, Alan"]
[Black "Finlay, Ian"]
[Result "1-0"]
[WhiteElo "2029"]
[BlackElo "1984"]
[PlyCount "61"]
[EventDate "2011.07.09"]
[EventType "swiss"]
[EventRounds "9"]
[EventCountry "CAN"]
[SourceTitle "EXT 2022"]
[Source "ChessBase"]
[SourceDate "2021.10.06"]
[SourceVersion "1"]
[SourceVersionDate "2021.10.06"]
[SourceQuality "1"]

1. e4 e5 2. Nf3 Nc6 3. Bb5 a6 4. Ba4 Nf6 5. 0-0 Nxe4 6. Qe2 b5 7. Nxe5 Qf6 8. Nxc6 Qxc6 9. Bb3 Be7 10. Re1 Bb7 11. d3 d5 12. dxe4 dxe4 13. Be3 0-0-0 14. a4 b4 15. Nd2 f5 16. Nc4 Qf6 17. Na5 f4 18. Qg4+ Kb8 19. Qxf4 Qg6 20. Bf7 Qf6 21. Qxf6 Bxf6 22. Nxb7 Kxb7 23. Rad1 Bxb2 24. Bd5+ Kc8 25. Bxe4 Rde8 26. Bf5+ Kb7 27. Rd7 Be5 28. g3 g6 29. Bg4 Ref8 30. Bc5 Re8 31. Bxb4 1-0

[Event "Canadian op 48th"]
[Site "Toronto"]
[Date "2011.07.10"]
[Round "2"]
[White "Finlay, Ian"]
[Black "Coleman, Mike"]
[Result "1/2-1/2"]
[WhiteElo "1984"]
[BlackElo "2162"]
[PlyCount "97"]
[EventDate "2011.07.09"]
[EventType "swiss"]
[EventRounds "9"]
[EventCountry "CAN"]
[SourceTitle "EXT 2022"]
[Source "ChessBase"]
[SourceDate "2021.10.06"]
[SourceVersion "1"]
[SourceVersionDate "2021.10.06"]
[SourceQuality "1"]

1. e4 c5 2. Nf3 d6 3. d3 Nc6 4. g3 g6 5. Bg2 Bg7 6. 0-0 Bd7 7. Nbd2 Nh6 8. c3 0-0 9. Nc4 Qc8 10. Ng5 f6 11. Qb3 Kh8 12. Nf3 Rb8 13. Ne3 Bh3 14. d4 cxd4 15. cxd4 Bxg2 16. Nxg2 f5 17. e5 dxe5 18. dxe5 Nf7 19. e6 Nd6 20. Bf4 Na5 21. Qd5 Qc6 22. Ne3 Qxd5 23. Nxd5 Bxb2 24. Nxe7 Nac4 25. Rad1 Rbe8 26. Bxd6 Nxd6 27. Nxg6+ hxg6 28. Rxd6 Ba3 29. Rd3 Bc5 30. Ng5 Kg7 31. Rfd1 f4 32. Rd7+ Kg8 33. Rf7 Re7 34. Ne4 Rxe6 35. Rxf8+ Bxf8 36. Ng5 Re2 37. Rd8 fxg3 38. hxg3 Kg7 39. Kf1 Re5 40. Rd7+ Re7 41. Ne6+ Kf7 42. Nd8+ Ke8 43. Rxe7+ Bxe7 44. Nxb7 Bb4 45. Ke2 Kd7 46. Kd3 Kc7 47. Kc4 Be1 48. Nc5 Bxf2 49. Ne4 1/2-1/2

[Event "Canadian op 48th"]
[Site "Toronto"]
[Date "2011.07.09"]
[Round "1"]
[White "Renteria, Rolando"]
[Black "Finlay, Ian"]
[Result "1-0"]
[WhiteElo "2346"]
[BlackElo "1984"]
[PlyCount "79"]
[EventDate "2011.07.09"]
[EventType "swiss"]
[EventRounds "9"]
[EventCountry "CAN"]
[SourceTitle "EXT 2022"]
[Source "ChessBase"]
[SourceDate "2021.10.06"]
[SourceVersion "1"]
[SourceVersionDate "2021.10.06"]
[SourceQuality "1"]

1. e4 c5 2. Nf3 e6 3. d4 cxd4 4. Nxd4 Nc6 5. Nc3 Nf6 6. Ndb5 d6 7. Bf4 e5 8. Bg5 a6 9. Bxf6 gxf6 10. Na3 b5 11. Nd5 f5 12. g3 Rb8 13. Bg2 Bg7 14. 0-0 f4 15. c3 Ne7 16. Nc2 Nxd5 17. exd5 Qg5 18. Nb4 0-0 19. Nc6 Rb7 20. a4 bxa4 21. Qd2 Bh6 22. Rxa4 fxg3 23. Qxg5+ Bxg5 24. fxg3 Rxb2 25. h4 Bd8 26. Nxd8 Rxd8 27. Rc4 Bd7 28. Rc7 Be8 29. h5 Kg7 30. g4 h6 31. Kh2 Ra8 32. Kg3 a5 33. Be4 a4 34. Bg6 Rb6 35. Bxf7 Bxf7 36. Rfxf7+ Kg8 37. Rg7+ Kh8 38. g5 Rb1 39. Kg2 Rb2+ 40. Kh3 1-0

[Event "Hamilton Winter op"]
[Site "Hamilton"]
[Date "2011.03.27"]
[Round "4"]
[White "Finlay, Ian"]
[Black "Khayutin, Constantine"]
[Result "1-0"]
[WhiteElo "1843"]
[BlackElo "1964"]
[PlyCount "45"]
[EventDate "2011.03.26"]
[EventType "swiss"]
[EventRounds "6"]
[EventCountry "CAN"]
[SourceTitle "EXT 2022"]
[Source "ChessBase"]
[SourceDate "2021.10.06"]
[SourceVersion "1"]
[SourceVersionDate "2021.10.06"]
[SourceQuality "1"]

1. e4 c5 2. Nf3 Nc6 3. d4 cxd4 4. Nxd4 Nf6 5. Nc3 e5 6. Nde2 Bb4 7. a3 Ba5 8. b4 Bb6 9. Qd6 Bc7 10. Qd3 0-0 11. Bg5 h6 12. h4 d6 13. Qg3 Be6 14. Bxh6 Nh5 15. Qf3 gxh6 16. Qxh5 Kh7 17. Ng3 Nd4 18. Bd3 Qc8 19. Nf5 Bxf5 20. exf5 f6 21. Qg6+ Kh8 22. Qxh6+ Kg8 23. Bc4+ 1-0

[Event "Toronto Ontario op U2000"]
[Site "Toronto"]
[Date "2010.05.23"]
[Round "3"]
[White "Finlay, Ian"]
[Black "Chernik, Dmitry"]
[Result "1-0"]
[WhiteElo "1931"]
[BlackElo "1839"]
[PlyCount "115"]
[EventDate "2010.05.22"]
[EventType "swiss"]
[EventRounds "6"]
[EventCountry "CAN"]
[SourceTitle "EXT 2022"]
[Source "ChessBase"]
[SourceDate "2021.10.06"]
[SourceVersion "1"]
[SourceVersionDate "2021.10.06"]
[SourceQuality "1"]

1. e4 c5 2. Nf3 Nc6 3. d4 cxd4 4. Nxd4 Nf6 5. Nc3 d6 6. Bc4 a6 7. Nxc6 bxc6 8. e5 Ng4 9. e6 Ne5 10. exf7+ Nxf7 11. Bxf7+ Kxf7 12. Qf3+ Kg8 13. Qxc6 Bf5 14. 0-0 e6 15. Re1 Qc8 16. Qa4 Be7 17. Bf4 Kf7 18. Re2 h5 19. Rae1 g5 20. Bd2 Bf6 21. Ne4 Bxe4 22. Qxe4 e5 23. c4 Rb8 24. b3 Qb7 25. Qxb7+ Rxb7 26. Rd1 Ke6 27. Ba5 Bd8 28. Bc3 Bf6 29. Red2 Rd7 30. Rd5 Re8 31. Bb4 Be7 32. h3 Rb8 33. Ba3 Rc8 34. Kf1 g4 35. hxg4 hxg4 36. Ke2 Rdd8 37. Rh1 Rh8 38. Rxh8 Rxh8 39. Ra5 Ra8 40. Kd3 Bh4 41. Ke2 Bd8 42. Rd5 Bc7 43. f3 g3 44. Bb4 Rh8 45. Rd2 Rh2 46. Kd1 Rh1+ 47. Kc2 Rf1 48. Ba3 Rf2 49. Kd3 Rf1 50. b4 a5 51. b5 Bb6 52. Kc2 Rf2 53. Kc3 Bd4+ 54. Kd3 Rf1 55. Bb2 Bf2 56. Bc3 Rg1 57. Bxa5 Be1 58. Bb6 1-0

[Event "John Bishop Minor op"]
[Site "Wales"]
[Date "2007.04.09"]
[Round "7"]
[White "Brain, Peter"]
[Black "Finlay, Ian"]
[Result "1-0"]
[WhiteElo "1267"]
[BlackElo "1420"]
[PlyCount "41"]
[EventDate "2007.04.06"]
[EventType "swiss"]
[EventRounds "7"]
[EventCountry "WLS"]
[SourceTitle "EXT 2010"]
[Source "ChessBase"]
[SourceDate "2010.11.25"]
[SourceVersion "1"]
[SourceVersionDate "2010.11.25"]
[SourceQuality "1"]

1. e4 c5 2. Nf3 Nc6 3. Bb5 a6 4. Bxc6 bxc6 5. c4 d6 6. h3 e5 7. Nc3 Nf6 8. d3 Be7 9. 0-0 0-0 10. Bg5 Bb7 11. Nh4 h6 12. Bxf6 Bxf6 13. Nf5 Qc7 14. Qg4 Kh7 15. Qf3 Rad8 16. Ne2 d5 17. Neg3 g6 18. Nxh6 Kxh6 19. Qxf6 Rd6 20. Nf5+ Kh7 21. Qg7# 1-0

[Event "John Bishop Minor op"]
[Site "Wales"]
[Date "2007.04.08"]
[Round "4"]
[White "Finlay, Ian"]
[Black "Wills, Alex"]
[Result "1/2-1/2"]
[WhiteElo "1420"]
[BlackElo "1145"]
[PlyCount "96"]
[EventDate "2007.04.06"]
[EventType "swiss"]
[EventRounds "7"]
[EventCountry "WLS"]
[SourceTitle "EXT 2010"]
[Source "ChessBase"]
[SourceDate "2010.11.25"]
[SourceVersion "1"]
[SourceVersionDate "2010.11.25"]
[SourceQuality "1"]

1. d4 d5 2. c4 e6 3. Nc3 Bb4 4. Nf3 Nf6 5. a3 Bxc3+ 6. bxc3 Nc6 7. e3 Ne4 8. Qc2 0-0 9. Bd3 Nf6 10. cxd5 exd5 11. 0-0 Bg4 12. Ne5 Be6 13. Re1 Ne7 14. h3 b6 15. Nf3 c5 16. Ng5 h6 17. Nxe6 fxe6 18. c4 Rc8 19. Bb2 Qd7 20. Rad1 Qb7 21. e4 Rfd8 22. dxc5 bxc5 23. Bxf6 gxf6 24. Qe2 Kf8 25. Qf3 Ng8 26. cxd5 exd5 27. exd5 Qxd5 28. Be4 Qf7 29. Rc1 Rc7 30. Qe3 c4 31. Re2 Re8 32. Rec2 f5 33. f3 fxe4 34. fxe4 Kg7 35. Rf1 Qg6 36. Qd4+ Kh7 37. Rxc4 Rg7 38. Rf2 Rf8 39. Rcc2 Rxf2 40. Rxf2 Qg3 41. Kf1 Qxa3 42. e5 Qc1+ 43. Ke2 Qg5 44. e6 Qe7 45. Qe4+ Kh8 46. Qe5 Kh7 47. Qf5+ Kh8 48. Qe5 Kh7 1/2-1/2